| 000 | 01235nam0a22002651 4500 | ||
|---|---|---|---|
| 001 | rc\110394 | ||
| 005 | 20250612182556.0 | ||
| 035 | _a(NLR Aleph) 008779971 | ||
| 090 |
_a7976266 _c7976266 |
||
| 100 | _a20021216d1991 |||y0rusy50 ca | ||
| 101 | 0 | _arus | |
| 102 | _aRU | ||
| 105 | _ay ||||||||| | ||
| 200 | 1 |
_aОбэриуты: теоретическая платформа и творческая практика _eУчеб. пособие _e[Для студентов филол. фак.] _fГос. ком. РСФСР по делам науки и высш. шк. Урал. гос. ун-т им. А.М. Горького |
|
| 210 |
_aСвердловск _cУрГУ _d1991 |
||
| 215 |
_a93 с. _d20 |
||
| 320 | _aБиблиогр.: с. 86-91 | ||
| 601 | 0 | 2 |
_aОбэриуты(Объединение реального искусства), литературная группа _cЛенинград _z1926 - 1927 _jРуководства. пособия и т. п. для высшей школы _2nlr_sh1 |
| 700 | 1 |
_aВасильев _bИ.Е. _gИгорь Евгеньевич |
|
| 801 | 0 |
_aRU _bNLR _gpsbo |
|
| 801 | 1 |
_aRU _bELAR _2rusmarc |
|
| 801 | 2 |
_aRU _bNLR _c20050419 _2rusmarc |
|
| 852 |
_aNLR _j91-4/11307 |
||
| 942 | _cBOOK | ||
| 980 | _aNB | ||